| 000 | 01885nam0a2200313 4500 | ||
|---|---|---|---|
| 001 | RU\NLR\bibl\1456787 | ||
| 005 | 20260406094412.0 | ||
| 010 |
_a978-5-7339-0761-1 _9250 |
||
| 021 |
_aRU _b2009-90280 _95692 |
||
| 035 | _a(NLR Aleph) 001448583 | ||
| 090 |
_a1508521 _c1508521 |
||
| 100 | _a20091223d2009 u y0rusy50 ca | ||
| 101 | 0 | _arus | |
| 102 | _aRU | ||
| 105 | _aa ||||||||| | ||
| 200 | 1 |
_aТеоретические аспекты современных информационных ресурсов _eучебное пособие _e[для студентов специальностей 230102, 230201] _fА.В. Панов _gФедер. агентство по образованию, Гос. образоват. учреждение высш. проф. образования "Моск. гос. ин-т радиотехники, электроники и автоматики (техн. ун-т)" |
|
| 210 |
_aМосква _cГосударственное образовательное учреждение высшего профессионального образования "Московский государственный институт радиотехники, электроники и автоматики (техн. ун-т)" _d2009 |
||
| 215 |
_a80 с. _cил. _d20 |
||
| 320 | _aБиблиогр.: с. 72-76 | ||
| 606 | 1 |
_aИнформационные ресурсы _jУчебные издания для высших учебных заведений _92168771 _3RU\NLR\auth\661304739 |
|
| 686 | _aУ.в612я73 | ||
| 686 | _aУ39(0)я73 | ||
| 700 | 1 |
_4070 _7ca _8rus _aПанов _bА. В. _cканд. техн. наук _gАлександр Владимирович _3RU\NLR\AUTH\770286749 _92686323 |
|
| 801 | 0 |
_aRU _bNLR _c20091223 _gRCR |
|
| 801 | 1 |
_aRU _bNLR _c20091223 |
|
| 830 | _aавт. по кн. | ||
| 942 | _cBOOK | ||
| 980 | _aNB | ||